| 000 | 00961nam a2200265 i 4500 | ||
|---|---|---|---|
| 001 | bg | ||
| 100 | 1 | _aMISIEWICZ, Ewa | |
| 245 | 1 | 0 |
_aTaka sobie muzyczka : _bwybór piosenek i zabaw muzyczno-ruchowych do zajęć z dziećmi w młodszym wieku szkolnym / _cEwa Misiewicz, Dorota Gieruszczak ; Wyższa Szkoła Pedagogiczna w Słupsku. |
| 260 |
_aSłupsk : _bWydaw. Uczelniane WSP, _c1997. |
||
| 300 |
_a219 s. : _bnuty, rys. ; _c24 cm. |
||
| 504 | _aBibliogr. s. 215. - Indeks. | ||
| 521 | _aMateriał do zajęć umuzykalniających ze studentami pedagogiki wczesnoszkolnej wyższych szkół pedagogicznych. | ||
| 650 | 9 | _aNauczanie początkowe | |
| 650 | 9 |
_aRytmika _xnauczanie |
|
| 650 | 9 | _aŚpiewnik | |
| 650 | 9 | _aUmuzykalnianie | |
| 700 | 1 | _aGIERUSZCZAK, Dorota | |
| 020 | _a8387006211 | ||
| 040 | _cBPK | ||
| 041 | 0 | _apl | |
| 080 | _a372.8:372.4+784.089 | ||
| 920 | _a83-87006-21-1 | ||
| 942 | _cKS | ||
| 008 | s pl f |000 0 pol | ||
| 999 |
_c32586 _d32586 |
||
| 856 |
_uhttp://koha.tu.koszalin.pl/cgi-bin/koha/opac-detail.pl?biblionumber=32586 _yKatalog online BPK |
||